Tables for the reduction of meteorological observations in India (Record no. 132)

MARC details
000 -LEADER
fixed length control field 00585nam a2200193Ia 4500
003 - CONTROL NUMBER IDENTIFIER
control field IN-BaIIA
008 - FIXED-LENGTH DATA ELEMENTS--GENERAL INFORMATION
fixed length control field 211028s9999 xx 000 0 eng d
040 ## - CATALOGING SOURCE
Transcribing agency IIA Library
080 ## - UNIVERSAL DECIMAL CLASSIFICATION NUMBER
Universal Decimal Classification number 551.5:083.8
Item number IMD
100 ## - MAIN ENTRY--PERSONAL NAME
Personal name Simpson, G. C.
245 #0 - TITLE STATEMENT
Title Tables for the reduction of meteorological observations in India
Statement of responsibility, etc. Simpson G. C.
260 ## - PUBLICATION, DISTRIBUTION, ETC.
Place of publication, distribution, etc. Calcutta
Name of publisher, distributor, etc. Superintendent Government Printing
Date of publication, distribution, etc. 1925
300 ## - PHYSICAL DESCRIPTION
Extent xvii,111p.
650 ## - SUBJECT ADDED ENTRY--TOPICAL TERM
Topical term or geographic name entry element Earth Atmospheres
9 (RLIN) 273
650 ## - SUBJECT ADDED ENTRY--TOPICAL TERM
Topical term or geographic name entry element Meteorological-Tables
9 (RLIN) 274
650 ## - SUBJECT ADDED ENTRY--TOPICAL TERM
Topical term or geographic name entry element NASA Thesaurus
9 (RLIN) 100
650 ## - SUBJECT ADDED ENTRY--TOPICAL TERM
Topical term or geographic name entry element Tables-Meteorology
9 (RLIN) 275
942 ## - ADDED ENTRY ELEMENTS (KOHA)
Koha item type Books
Holdings
Withdrawn status Lost status Damaged status Not for loan Home library Current library Shelving location Date acquired Cost, normal purchase price Total Checkouts Full call number Barcode Date last seen Cost, replacement price Price effective from Koha item type Purchase Price
        IIA Library-Bangalore IIA Library-Kodaikanal General Stacks   5.80   552.5:083.8/ IMD 91 05/11/2021 5.80   Books Rs. 5.80

Powered by Koha